| 000 | 00458nam a22001811a 4500 | ||
|---|---|---|---|
| 001 | 1738 | ||
| 003 | OSt | ||
| 005 | 20260204211745.0 | ||
| 008 | 040120s1989||||dr ||||||b||||||||||spa|| | ||
| 050 | _aRD 346.07 R299c | ||
| 082 | _aRD 346.07 R299c | ||
| 111 | _aRepública Dominicana. | ||
| 245 | _aCódigo de Comercio de la República Dominicana | ||
| 264 | _aSanto Domingo : Tiempo | ||
| 300 | _a164 p | ||
| 650 | _a1.Derecho ComercialÌ | ||
| 942 |
_2ddc _cBK |
||
| 999 |
_c1738 _d1738 |
||